000 00350nam a22000977a 4500
008 150616b xxu||||| |||| 00| 0 eng d
010 _8HCCRSF:002
245 _aHIGH COURT CRIMINAL SESSION NO. 715 OF 1969 Uganda Vs 1. James Kibikibi 2. James Daluka 3. Christopher Magada
260 _aHigh Court Kampala
500 _3BEFORE: Hon. Mr. Justice A.R.F. Dickson
999 _c6250
_d6250